000 00866cab a2200253 4500
001 ABS46604
008 090401t1992 xxu||||| |||| 00| 0 eng d
035 _a(Sirsi) u58840
041 _aeng
100 _aMason, N.
245 _aRenewal procedures
260 _c1992
350 _a0
490 _aEstates Gazette
_v(9924) 20 June 1992, 113-114(2)
520 _aAddresses the common pitfalls in the landlord and tenant renewal procedure aimed at advising professional advisors of the dangers on Landlord and Tenant Act 1954.
650 _aLANDLORD AND TENANT ACT 1954 S25
650 _aLANDLORD AND TENANT ACT 1954 S40
650 _aLEASE RENEWAL
650 _aSECTION 25 NOTICES
650 _aSECTION 40 NOTICE
690 _aPROPERTY-RESIDENTIAL PROPERTY-RESIDENTIAL LANDLORD AND TENANT-RESIDENTIAL TENANCIES
942 _n0
948 _c04/03/1997
999 _c35982
_d35982